La formación del proletariado agrícola en la República Dominicana: 1870-1960
Guardado en:
| Hovedforfatter: | |
|---|---|
| Format: | Texto |
| Udgivet: |
Santo Domingo:
s.e.
|
| Tags: |
Tilføj Tag
Ingen Tags, Vær først til at tagge denne postø!
|
MARC
| LEADER | 00000 a a2200000 04500 | ||
|---|---|---|---|
| 001 | 23263 | ||
| 003 | |||
| 040 | |a CRAI/IIS |c CRAI/IIS | ||
| 090 | |a 160400 | ||
| 100 | |a Lozano, Wilfredo | ||
| 245 | |a La formación del proletariado agrícola en la República Dominicana: 1870-1960 | ||
| 260 | |a Santo Domingo: |b s.e. | ||
| 300 | |a 39 p. | ||
| 999 | |c 11507 |d 11507 | ||
